000 00558nam a2200193Ia 4500
005 20250508151916.0
008 008 250505s9999 xx 000 0 eng d
037 _aTextual
040 _aFEDL
_beng
_cFEDL
041 _aeng
_2eng
084 _a371.2, DEP
_qFEDL
245 0 _aCritical problems in school administration
260 _aWashington, USA
_bNational Education Association
_c1934
300 _a383p
546 _aTwelfth Yearbook
650 _aSchool Administration
942 _cTEXL
_h371.2, DEP
999 _c1332878
_d1332878